000 01024cam a2200217 i 4500
005 20250910152759.0
020 _a9781804291252
082 0 0 _a363.738 74 MAL/F
100 1 _aMalm, Andreas
_91209
245 1 0 _aFighting in a world on fire :
_bthe next generation's guide to protecting the climate and saving our future /
_cby Andreas Malm ; adapted by Jimmy Whipps, Llewyn Whipps.
250 _aFirst edition paperback.
260 _a. - London
_b: Verso
_c,2023
300 _axi, 259 pages :
_billustrations ;
520 _a"An argument for bold action to stop climate change and a guide to successful activism, adapted for young people from climate expert Andreas Malm's best-selling book How to Blow Up a Pipeline"--
650 0 _aEnergy industries
_vJuvenile literature.
_91210
650 0 _aClimate change mitigation
_vJuvenile literature.
_91211
650 0 _aEcoterrorism
_vJuvenile literature.
_91212
650 0 _aClimatic changes
_vJuvenile literature.
_91213
700 1 _aMalm, Andreas,
_91209
942 _2ddc
_cBK
999 _c751236
_d751236